|
|
|
|
| LEADER |
00748nam a2200193 a 4500 |
| 001 |
000582410 |
| 003 |
CZ BrMZK |
| 005 |
20020103105752.0 |
| 008 |
010825s1961 xr f cze d |
| 040 |
|
|
|a BOA001
|b cze
|c BOA001
|
| 100 |
1 |
|
|a Karvaš, Peter,
|d 1920-1999
|7 jn19990210318
|4 aut
|
| 245 |
1 |
0 |
|a Zmrtvýchvstání dědečka Kolomana :
|b komedie o 3 dějstvích a 6 obrazech /
|c Peter Karvaš ; přeložil Sergej Machonin
|
| 260 |
|
|
|a Praha :
|b Ministerstvo školství a kultury,
|c 1961
|
| 300 |
|
|
|a 28 s.
|
| 500 |
|
|
|a Příloha časopisu: Divadlo 1/1961
|
| 765 |
0 |
|
|t Zmrtvýchvstanie deduška Kolomana
|
| 910 |
|
|
|a BOA001
|b PK-A-0007.550
|
| 990 |
|
|
|a BK
|
| 996 |
7 |
|
|b 3119681686
|c PK-A-0007.550
|l MZK
|r Sklad / do 1 hodiny
|n 1
|w 000582410
|u 000010
|a 1
|e BOA001
|j MZK50
|s A
|